000 00438nam a2200181Ia 4500
003 0100
008 130227s9999 xx 000 0 und d
040 _cARRUPELIB
050 _aBT 94 F84 1998
100 _aFuellenbach, John Fr.
_925730
245 _aThrow fire
260 _aManila
260 _bLogos(Divine Word) Publication
300 _a347p.
300 _b23cm.
650 _bKingdom of God
_925731
942 _2lcc
_cMONOGRAPH
999 _c7252
_d7252